1574 1927 1501 1050 1333 1157 1109 1586 1142 1870 1168 1748 1063 1506 1673 1629 1704 1259 1408 1086 1653 1753 1715 1893 1255 1554 1720 1202 1662 1170 1564 1581 1354 1473 1149 1504 1804 1565 1595 1375 1219 1273 1231 1722 1183 1227 1691 1014 1648 1808 1046 1600 1568 1367 1621 1013 1672 1778 1762 1796 1391 1693 1831 1127 1194 1275 1247 1090 1039 1979 1200 1499 1278 1776 1777 1986 1595 1250 1386 1905 1312 1822 1055 1374 1370 1754 1344 1443 1530 1663 1792 1475 1327 1813 1101 1294 1898 1973 1028 BCNSPRNW ULIB Ver.6.0+V

เปลี่ยนเป็นภาษาไทย

Change to English
 แสดงรายละเอียดบรรณานุกรม
  กลับหน้าหลัก

Brief Record : Get Marc (ISO 2709) : E-mail record : QR code < ปิดหน้าต่าง
LEADER : 00000nam 2200000uu 4500
001    13399127440
003     ULIB
008    200525s2018||||th 000 0 tha d
020    ^a9781496355010
060 04 ^aWB354^bI43
245 00 ^aInfusion therapy :^bmade incredibly easy /^cClinicaleditor, Lynn Hadaway
246 31 ^aMade incredibly easy
250    ^a5th ed.
260    ^aPhiladelphia :^bWolters Kluwer,^cc2018
300    ^avii, 456 p. :^bill. ;^c23 cm.
504    ^aIncludes bibliographical references and index
650  2 ^aInfusions, Parenteral^xnursing
650  2 ^aFluid Therapy^xnursing
650  2 ^aParenteral Nutrition^xnursing
700 1  ^aHadaway, Lynn,^eed.
945    ^p0^l0^i28320
999    ^aกัณชพร จุลอักษร
รายการนี้ยังไม่มีแท็ก
คุณยังไม่ได้ล็อกอิน คุณสามารถมีกิจกรรมร่วมกับเว็บไซต์ได้ แต่ต้องล็อกอินก่อน ::
  ล็อกอิน

รายการสื่อสารสนเทศ

ลำดับที่ ประเภท เลขเรียก/บาร์โค้ด สถานที่ สถานะ
1. หนังสือสำรอง
หนังสือสำรอง
WB354 I43 ฉ.1 
  Barcode: 28320
ห้องสมุดวิทยาเขตนครสวรรค์
►หนังสือทั่วไป:l:General Books
บนชั้น

BibComment


ยังไม่เคยถูกคอมเมนท์

คอมเมนท์ทรัพยากรรายการนี้
  คอมเมนท์: Infusion therapy..


 Copyright 2026. Bcnsprnw @Library